00558nam a2200181Ia 450000500170000000800410001702000240005804000190008204100120010108200160011310000180012924500460014726000550019330000340024850400500028265000340033285000100036620230630112514.0131103s9999 xx 000 0 und d a140211810c1.95 pds aLoreto College aEnglish a942.08bTAY aTaylor,A.J.P. aEnglish history 1914 - 1945cA.J.P.Taylor aHarmondsworthbPenguin Booksc1965 (1977 printing) a875 p.b ill.,7 graphs,8 maps aIncludes bibliographical references and index aEngland - History,1914 - 1945 aLCLIB